000
00297nam a22001337a 4500
008
170606b xxu||||| |||| 00| 0 eng d
020
_a
0833024957
041
_a
eng
080
_2
_a
94
100
_a
18
101
_a
SHH
245
_a
ANTICIPATING ETHNIC CONFLICT
_c
TELLIS,A.J
942
_2
udc
_c
BK
999
_c
16070
_d
16070